[Event "29th Czech Open A 2018"]
[Site "Pardubice CZE"]
[Date "2018.07.24"]
[Round "5.85"]
[White "Haring, Filip"]
[Black "Bartos, Jan"]
[Result "1/2-1/2"]
[WhiteTitle "FM"]
[BlackTitle "FM"]
[WhiteElo "2310"]
[BlackElo "2153"]
[WhiteFideId "14933080"]
[BlackFideId "315060"]
[EventDate "2018.07.20"]

1. e4 e6 2. d4 d5 3. Nc3 Bb4 4. e5 c5 5. a3 Ba5 6. b4 cxd4 7. Nb5 Bc7 8. Nf3 Nc6
9. Bf4 Nge7 10. Bd3 Ng6 11. Bg3 Ngxe5 12. Nxc7+ Qxc7 13. Nxe5 Nxe5 14. Bb5+ Bd7
15. Bxd7+ Kxd7 16. Qxd4 f6 17. O-O Rhc8 18. Rae1 Qc3 19. Qh4 Qxc2 20. Bxe5 fxe5
21. Rxe5 Rc4 22. Qh3 Re8 23. Rxd5+ Kc8 24. Rfd1 Qe2 25. R5d3 b6 26. Qg3 Rc7 27.
h3 e5 28. Qh4 e4 29. R3d2 Qc4 30. Qxh7 e3 31. Qf5+ Kb7 32. fxe3 Rxe3 33. Rd7 Re7
34. Qf3+ Ka6 35. R7d5 Re4 36. Qf2 Re2 37. Qg3 Qc3 38. Qh4 Qe3+ 39. Kh1 Rxg2 40.
b5+ Kb7 41. Kxg2 Rc2+ 42. R5d2 Rxd2+ 43. Rxd2 Qxd2+ 44. Qf2 Qg5+ 1/2-1/2

[Event "29th Czech Open A 2018"]
[Site "Pardubice CZE"]
[Date "2018.07.24"]
[Round "5.86"]
[White "Peters, Tom"]
[Black "Kozusek, Daniel"]
[Result "0-1"]
[WhiteElo "2130"]
[BlackElo "2302"]
[WhiteFideId "24694444"]
[BlackFideId "349500"]
[EventDate "2018.07.20"]

1. e4 e6 2. d4 d5 3. Nc3 Bb4 4. e5 c5 5. a3 Ba5 6. b4 cxd4 7. Nb5 Bc7 8. Nf3 Nc6
9. Bf4 Nge7 10. Bd3 Ng6 11. Bxg6 fxg6 12. Nxc7+ Qxc7 13. O-O O-O 14. Bg3 Bd7 15.
b5 Ne7 16. Nxd4 Nf5 17. Nxf5 gxf5 18. Qe2 f4 19. Bh4 Rf5 20. Rfe1 Qc5 21. a4 h6
22. g4 Rf7 23. g5 f3 24. Qd3 Qb4 25. c4 Rc8 26. gxh6 Qxc4 27. Qxc4 Rxc4 28. Bg3
gxh6 29. Rec1 Rf8 30. Rxc4 dxc4 31. Rc1 Rc8 32. Rc3 a6 33. bxa6 bxa6 34. a5 Ba4
35. Bf4 Bd1 36. Bxh6 Kh7 37. Bf4 Be2 38. Be3 Kg6 39. h3 Kh5 40. Bf4 Rg8+ 41. Bg3
Kg5 42. Kh2 Rc8 43. Kg1 Rc5 44. h4+ Kg4 45. h5 Kxh5 0-1

[Event "29th Czech Open A 2018"]
[Site "Pardubice CZE"]
[Date "2018.07.24"]
[Round "5.87"]
[White "Gombocz, Ferenc Jr."]
[Black "Debevec, Blaz"]
[Result "1-0"]
[WhiteTitle "FM"]
[WhiteElo "2301"]
[BlackElo "2169"]
[WhiteFideId "775029"]
[BlackFideId "14605813"]
[EventDate "2018.07.20"]

1. c4 e5 2. g3 d6 3. Nc3 f5 4. Bg2 Nf6 5. d3 Be7 6. e4 c6 7. Nge2 O-O 8. O-O Na6
9. b3 Qe8 10. f3 Qh5 11. exf5 Qxf5 12. Ba3 Qh5 13. Qd2 Bh3 14. g4 Qh4 15. Ng3 g6
16. Qe1 Bxg2 17. Kxg2 Rae8 18. Nf5 Qxe1 19. Nxe7+ Rxe7 20. Raxe1 c5 21. h3 g5
22. Bc1 Rg7 23. h4 h6 24. hxg5 hxg5 25. a3 Nc7 26. b4 Ne6 27. Nb5 Rd8 28. Nxa7
cxb4 29. axb4 Nd4 30. Be3 Nc2 31. Re2 Nxb4 32. d4 Nc6 33. Nxc6 bxc6 34. dxe5
dxe5 35. Bc1 Nd7 36. Rd1 Ra8 37. Rd6 Ra6 38. Bxg5 Ra4 39. Bh6 Rf7 40. Rxc6 Ra3
41. Re3 Ra2+ 42. Kg3 Rd2 43. g5 Rd4 44. g6 Rf6 45. Rc8+ Nf8 46. g7 Rg6+ 47. Kf2
Rxg7 48. Bxg7 Kxg7 49. Rxe5 Ng6 50. Rd5 Rh4 51. Rc7+ Kh6 52. Rc6 Rh2+ 53. Kg3
Rh1 54. Kg2 Rc1 55. Rdd6 Kg5 56. Rxg6+ Kf4 57. Rg4+ Ke3 58. Re6+ Kd3 59. Rd6+
Ke3 60. Re4# 1-0

[Event "29th Czech Open A 2018"]
[Site "Pardubice CZE"]
[Date "2018.07.24"]
[Round "5.88"]
[White "Mladek, Richard"]
[Black "Subramanian, Aditya"]
[Result "1-0"]
[WhiteElo "2299"]
[BlackElo "2124"]
[WhiteFideId "386588"]
[BlackFideId "1718924"]
[EventDate "2018.07.20"]

1. e4 e5 2. f4 exf4 3. Nf3 Nf6 4. e5 Nh5 5. Be2 g5 6. O-O Rg8 7. d4 d5 8. Qd3
Rg6 9. Nh4 Rh6 10. Nf5 Bxf5 11. Qxf5 Ng7 12. Qd3 c5 13. g3 fxg3 14. Qxg3 Ne6 15.
Nc3 Nc6 16. Bf3 Ncxd4 17. Nxd5 Qxd5 18. Bxd5 Ne2+ 19. Kg2 Nxg3 20. hxg3 Bg7 21.
Rf5 Rd8 22. c4 Nd4 23. Bxf7+ 1-0

[Event "29th Czech Open A 2018"]
[Site "Pardubice CZE"]
[Date "2018.07.24"]
[Round "5.89"]
[White "Heinemann, Josefine"]
[Black "Polgar-Shutzman, Tom"]
[Result "1/2-1/2"]
[WhiteTitle "WIM"]
[WhiteElo "2294"]
[BlackElo "2076"]
[WhiteFideId "12900460"]
[BlackFideId "2064880"]
[EventDate "2018.07.20"]

1. e4 g6 2. d4 Bg7 3. Nc3 d5 4. exd5 Nf6 5. Bb5+ Nbd7 6. Nf3 O-O 7. O-O Nb6 8.
Be2 Nbxd5 9. Nxd5 Qxd5 10. Bf4 c5 11. c4 Qe4 12. Qd2 cxd4 13. Bd3 Qc6 14. Nxd4
Qb6 15. Nb5 Bd7 16. Be3 Qd8 17. Nxa7 b6 18. Nb5 Bxb5 19. cxb5 Ng4 20. Rfd1 Qd6
21. Bf4 Qd4 22. h3 Nf6 23. Be3 Qd6 24. Qe2 Qc7 25. Rac1 Qa7 26. Bc4 Rac8 27. b3
Nd7 28. a4 Nc5 29. Qg4 e6 30. Qe2 Qb7 31. f3 Rfe8 32. Qf2 Qa7 33. Rd6 Bf8 34.
Rc6 Qb7 35. Rxc8 Rxc8 36. Qe2 Bg7 37. Rd1 Qc7 38. Qa2 Bf8 39. Rc1 Qe5 40. Qf2
Nxb3 41. Rc2 Bc5 42. Bxc5 Nxc5 43. Bf1 Ra8 44. Qh4 Kg7 45. Ra2 Qe3+ 46. Kh2 Qb3
47. Qd4+ Kg8 48. Bc4 Qb4 49. Rb2 Qa3 50. Ra2 Qb4 51. Rb2 Qe1 52. Ra2 1/2-1/2

[Event "29th Czech Open A 2018"]
[Site "Pardubice CZE"]
[Date "2018.07.24"]
[Round "5.90"]
[White "Ludvik, Tomas"]
[Black "Mertanen, Janne"]
[Result "0-1"]
[BlackTitle "FM"]
[WhiteElo "2048"]
[BlackElo "2292"]
[WhiteFideId "367664"]
[BlackFideId "501875"]
[EventDate "2018.07.20"]

1. d4 Nf6 2. c4 c5 3. d5 b5 4. cxb5 a6 5. bxa6 g6 6. Nc3 Bg7 7. Nf3 O-O 8. g3 d6
9. Bg2 Nxa6 10. O-O Bf5 11. Nh4 Bd7 12. Rb1 Qa5 13. Qd2 Ng4 14. Nf3 Rfb8 15. Ra1
Nc7 16. Qc2 Nb5 17. Bd2 Nd4 18. Qb1 Nxf3+ 19. Bxf3 Qb4 20. Bxg4 Bxg4 21. Qd3
Qxb2 22. Rab1 Qa3 23. f3 Bf5 24. e4 Bc8 25. Rfc1 Ba6 26. Qc2 Bc4 27. Kg2 h5 28.
Rxb8+ Rxb8 29. Nb1 Qxa2 30. Qxc4 Qxc4 31. Rxc4 Rxb1 32. Be3 Rb2+ 33. Kg1 Rb4 34.
Rc2 f5 35. exf5 gxf5 36. Kf2 Ra4 37. h3 Kf7 38. Ke2 Be5 39. Kf2 Bf6 40. Ke2 Ke8
41. Rc1 Be5 42. Bf2 Ra2+ 43. Kf1 Rd2 44. Rc4 Bf6 45. g4 hxg4 46. fxg4 fxg4 47.
Rxg4 Rxd5 48. Ke2 Kd7 49. h4 Kc6 50. Be3 Rf5 51. Bg5 Kd5 0-1

[Event "29th Czech Open A 2018"]
[Site "Pardubice CZE"]
[Date "2018.07.24"]
[Round "5.91"]
[White "Polak, Benedikt"]
[Black "Slovak, Kilian"]
[Result "0-1"]
[WhiteElo "2126"]
[BlackElo "2285"]
[WhiteFideId "317012"]
[BlackFideId "365440"]
[EventDate "2018.07.20"]

1. Nf3 Nf6 2. c4 g6 3. Nc3 Bg7 4. e4 d6 5. d4 O-O 6. Be2 e5 7. d5 a5 8. Bg5 h6
9. Bh4 Na6 10. O-O Qe8 11. Nd2 Nh7 12. a3 Bd7 13. b3 h5 14. f3 Bh6 15. Rb1 Be3+
16. Kh1 Bc5 17. Qc1 f5 18. exf5 gxf5 19. f4 exf4 20. Rxf4 Be3 21. Rf1 f4 22. Qc2
Nc5 23. Nde4 Bf5 24. Bf3 a4 25. b4 Nb3 26. Rxb3 axb3 27. Qxb3 Qg6 28. c5 Rfe8
29. Qc4 Rxa3 30. Rd1 Raa8 31. cxd6 cxd6 32. Nxd6 Qxd6 33. Nb5 Qe5 34. Nc7 Rec8
35. d6+ Kh8 36. d7 Bxd7 37. Rxd7 Rxc7 0-1

[Event "29th Czech Open A 2018"]
[Site "Pardubice CZE"]
[Date "2018.07.24"]
[Round "5.92"]
[White "Gomes, Mary Ann"]
[Black "Milikow, Elie"]
[Result "1-0"]
[WhiteTitle "WGM"]
[WhiteElo "2284"]
[BlackElo "2081"]
[WhiteFideId "5013623"]
[BlackFideId "371281868"]
[EventDate "2018.07.20"]

1. Nf3 c5 2. e4 Nc6 3. Bb5 g6 4. O-O Bg7 5. Re1 Nh6 6. h3 f5 7. d4 fxe4 8. Rxe4
a6 9. Bxh6 Bxh6 10. Bd3 cxd4 11. Rh4 Bg7 12. Rxh7 Rxh7 13. Bxg6+ Kf8 14. Bxh7 e5
15. c3 d5 16. Bc2 d3 17. Bb3 e4 18. Nbd2 exf3 19. Qxf3+ Bf6 20. Re1 Qd6 21. Bxd5
Ne5 22. Qf4 Nf7 23. Qc4 Ne5 24. Qf4 Nf7 25. Qe4 Qe5 26. Qb4+ Qd6 27. Qb3 Ne5 28.
f4 Nd7 29. Ne4 Qxf4 30. Nxf6 Nxf6 31. Qa3+ Kg7 32. Qe7+ Kh6 33. Qf8+ Kg5 34. Rf1
Qxf1+ 35. Kxf1 Nxd5 36. Qg8+ Kf6 37. Qxd5 Bf5 38. Qd6+ Kf7 39. g4 Bg6 40. Qd7+
Kf8 41. Qd6+ Kf7 42. h4 Re8 43. h5 Be4 44. g5 Re7 45. Qd8 Ke6 46. Ke1 Rf7 47. g6
Rd7 48. Qg8+ Kf6 49. Kd2 Kg5 50. g7 Bd5 51. Qxd5+ Rxd5 52. g8=Q+ Kxh5 53. Qxd5+
Kh6 54. Kxd3 b5 55. Ke4 a5 56. Kf5 Kg7 57. Qd7+ Kh6 58. Qf7 1-0

[Event "29th Czech Open A 2018"]
[Site "Pardubice CZE"]
[Date "2018.07.24"]
[Round "5.93"]
[White "Serrano Salvador, Eduardo"]
[Black "Sosovicka, Jakub"]
[Result "1/2-1/2"]
[WhiteTitle "FM"]
[WhiteElo "2280"]
[BlackElo "1982"]
[WhiteFideId "2214075"]
[BlackFideId "14929210"]
[EventDate "2018.07.20"]

1. Nf3 d5 2. g3 Nf6 3. Bg2 Bf5 4. O-O c6 5. c4 e6 6. cxd5 exd5 7. d3 Bd6 8. Nc3
O-O 9. Nd4 Bg6 10. e4 dxe4 11. dxe4 Re8 12. f3 Bc5 13. Be3 Nd5 14. Bf2 Nxc3 15.
bxc3 Nd7 16. Qc2 Nf6 17. Rad1 Qc7 18. Nb3 Bb6 19. c4 Bxf2+ 20. Rxf2 Rad8 21.
Rfd2 Qb6+ 22. c5 Qc7 23. Bh3 Nd5 24. Qd3 h6 25. Qc4 Ne3 26. Rxd8 Rxd8 27. Rxd8+
Qxd8 28. Qd4 Qxd4 29. Nxd4 Nc4 30. Bc8 Na5 31. Nb3 Nxb3 32. axb3 b6 33. cxb6
axb6 34. b4 f6 35. Bd7 c5 36. bxc5 bxc5 37. Kf2 Kf7 38. Ke3 Ke7 39. Bb5 Bf7 40.
f4 Kd6 41. Kd3 Be6 1/2-1/2

[Event "29th Czech Open A 2018"]
[Site "Pardubice CZE"]
[Date "2018.07.24"]
[Round "5.94"]
[White "Iliaguev, Daniel"]
[Black "Jurek, Josef"]
[Result "0-1"]
[BlackTitle "IM"]
[WhiteElo "2073"]
[BlackElo "2277"]
[WhiteFideId "2818434"]
[BlackFideId "300993"]
[EventDate "2018.07.20"]

1. d4 Nf6 2. c4 e6 3. g3 d5 4. Nf3 dxc4 5. Bg2 Nc6 6. Qa4 Bb4+ 7. Bd2 Nd5 8.
Bxb4 Nxb4 9. a3 b5 10. Qxb5 Nc2+ 11. Kd2 Bd7 12. Kxc2 Nxd4+ 13. Nxd4 Bxb5 14.
Nxb5 Rb8 15. Bc6+ Kf8 16. N1c3 Rb6 17. Rad1 Qb8 18. Be4 g6 19. Rd7 Rxb5 20. Nxb5
Qxb5 21. Rxc7 Kg7 22. Rb7 Qe5 23. f3 Rd8 24. Rd1 Rxd1 25. Kxd1 Qd4+ 0-1

[Event "29th Czech Open A 2018"]
[Site "Pardubice CZE"]
[Date "2018.07.24"]
[Round "5.96"]
[White "Karthick, Narayanan S"]
[Black "Kutynec, Vladimir"]
[Result "1-0"]
[BlackTitle "IM"]
[WhiteElo "1919"]
[BlackElo "2273"]
[WhiteFideId "25045288"]
[BlackFideId "4119843"]
[EventDate "2018.07.20"]

1. e4 c5 2. Nc3 Nc6 3. g3 g6 4. Bg2 Bg7 5. d3 d6 6. Be3 Bd7 7. Nge2 Nf6 8. h3
Qb6 9. O-O Nd4 10. Rb1 Rc8 11. b4 Nxe2+ 12. Nxe2 O-O 13. bxc5 Qa5 14. cxd6 Ba4
15. dxe7 Rfe8 16. Rxb7 Bxc2 17. Qe1 Qxa2 18. Rxa7 Qb3 19. e5 Nd5 20. Nc1 1-0

[Event "29th Czech Open A 2018"]
[Site "Pardubice CZE"]
[Date "2018.07.24"]
[Round "5.97"]
[White "Harshini, A"]
[Black "Dhulipalla, Bala Chandra Prasad"]
[Result "0-1"]
[WhiteTitle "WFM"]
[BlackTitle "IM"]
[WhiteElo "2037"]
[BlackElo "2268"]
[WhiteFideId "25008986"]
[BlackFideId "25005812"]
[EventDate "2018.07.20"]

1. e4 e5 2. Nf3 Nc6 3. Bb5 a6 4. Ba4 Nf6 5. O-O Be7 6. Re1 b5 7. Bb3 d6 8. c3
O-O 9. d4 Bg4 10. d5 Na5 11. Bc2 Qc8 12. h3 Bd7 13. Nbd2 c6 14. dxc6 Qxc6 15.
Nf1 Rfc8 16. Bd3 Bd8 17. Ng3 Nb7 18. Be3 Nc5 19. Bxc5 Qxc5 20. Qe2 a5 21. Rad1
g6 22. Bb1 Be7 23. Qd2 Kg7 24. Re2 Be6 25. Qe1 Nd7 26. Nf1 b4 27. cxb4 Qxb4 28.
Ne3 Nb6 29. Qxb4 axb4 30. b3 f6 31. Red2 Ra5 32. Ne1 Rd8 33. N1c2 Rb5 34. Nd5
Bxd5 35. exd5 f5 36. Ne3 Bg5 37. Bd3 Rc5 38. Ba6 Rd7 39. Be2 Ra7 40. Rb2 Bxe3
41. fxe3 Raa5 42. Bc4 Nxc4 43. bxc4 Rxc4 44. Kf2 Kf6 45. g3 h5 46. h4 Ra3 47.
Rdd2 f4 48. Re2 Kf5 49. exf4 exf4 50. Rb3 fxg3+ 51. Kxg3 Rxb3+ 52. axb3 Rd4 53.
Re3 Rxd5 54. Kf3 Rd4 55. Kg3 Rg4+ 56. Kh3 d5 57. Re8 d4 58. Rb8 d3 59. Rd8 Ke4
60. Re8+ Kd4 0-1

[Event "29th Czech Open A 2018"]
[Site "Pardubice CZE"]
[Date "2018.07.24"]
[Round "5.98"]
[White "Nguyen, Alex Dac-Vuong"]
[Black "Stefansson, Hannes"]
[Result "1/2-1/2"]
[BlackTitle "GM"]
[WhiteElo "2175"]
[BlackElo "2536"]
[WhiteFideId "12984388"]
[BlackFideId "2300087"]
[EventDate "2018.07.20"]

1. e4 e5 2. Nf3 Nc6 3. Bc4 Bc5 4. c3 Nf6 5. d3 a6 6. Bb3 Ba7 7. h3 h6 8. Nbd2 d6
9. Nf1 Be6 10. Ng3 O-O 11. Nh2 d5 12. Qf3 dxe4 13. dxe4 Nh7 14. Ng4 Ng5 15. Qe2
Bxb3 16. axb3 Re8 17. O-O Qd6 18. h4 Nh7 19. Rd1 Qe6 20. Qf3 Ne7 21. c4 Kh8 22.
Be3 Bxe3 23. Nxe3 Rad8 1/2-1/2

[Event "29th Czech Open A 2018"]
[Site "Pardubice CZE"]
[Date "2018.07.24"]
[Round "5.99"]
[White "Popov, Mikhail"]
[Black "Volodin, Viktor"]
[Result "1-0"]
[WhiteTitle "FM"]
[BlackTitle "IM"]
[WhiteElo "2404"]
[BlackElo "2188"]
[WhiteFideId "4146182"]
[BlackFideId "4108701"]
[EventDate "2018.07.20"]

1. d4 d5 2. Nf3 e6 3. c4 Nf6 4. Nc3 a6 5. cxd5 exd5 6. Bg5 Be7 7. e3 O-O 8. Qc2
Nc6 9. a3 Be6 10. Bd3 h6 11. Bh4 Nd7 12. Bg3 Bd6 13. Ne2 Nb6 14. Nf4 Qe7 15. Qe2
Qd7 16. Nxe6 Qxe6 17. Rc1 Nd7 18. O-O Bxg3 19. hxg3 Nf6 20. Nd2 Rfe8 21. Nb3 Nd7
22. Qf3 Qd6 23. Qf4 Qxf4 24. gxf4 g6 25. Nc5 Nxc5 26. Rxc5 Red8 27. Be2 Rd6 28.
Rfc1 f5 29. b4 Kf7 30. a4 Ke6 31. b5 axb5 32. axb5 Ne7 33. Rxc7 Rb6 34. g4 Kd6
35. gxf5 gxf5 36. R7c2 Kd7 37. Kf1 Rh8 38. Rc5 h5 39. Bf3 Kd6 40. Kg2 h4 41. Rg1
Rc8 42. Rxc8 Nxc8 43. Be2 Kd7 44. Kh3 Rd6 45. Rg7+ Ne7 46. Bd3 Ke6 47. Rg5 Rd8
48. Rg1 Kd6 49. Rc1 b6 50. Ra1 Ke6 51. Ra6 Nc8 52. Ra8 Kf6 53. Rb8 Ke6 54. Rb7
Kf6 55. Be2 Ke6 56. Bf3 Kd6 57. Rf7 Ke6 58. Rg7 Ne7 59. Rg5 Ra8 60. Kxh4 Ra5 61.
Rh5 Rxb5 62. Rh6+ Kd7 63. Bh5 Rb1 64. Kg3 b5 65. Be2 Kc7 66. Re6 Kd7 67. Rb6 b4
68. Bb5+ Kc7 69. Re6 Nc8 70. Rc6+ Kb7 71. Rc5 Ne7 72. Ba4 Kb6 73. Kh4 Ka6 74.
Rc7 Ra1 75. Bc2 Ng6+ 76. Kh5 Kb6 77. Rf7 Nh8 78. Rf6+ Ka7 79. Rxf5 Rf1 80. Bb3
Rb1 81. Bxd5 b3 82. Be4 Rb2 83. Rf8 Rxf2 84. Ra8+ Kb6 85. Rb8+ Kc7 86. Rxb3 Rh2+
87. Kg4 Kd6 88. Rb6+ Ke7 89. Rb7+ Kf6 90. Rh7 Rxh7 91. Bxh7 Kf7 1-0

[Event "29th Czech Open A 2018"]
[Site "Pardubice CZE"]
[Date "2018.07.24"]
[Round "5.100"]
[White "Berzina, Ilze"]
[Black "Biriukov, Nikolai"]
[Result "1/2-1/2"]
[WhiteTitle "WGM"]
[BlackTitle "IM"]
[WhiteElo "2173"]
[BlackElo "2398"]
[WhiteFideId "11601345"]
[BlackFideId "14103842"]
[EventDate "2018.07.20"]

1. e4 c5 2. Nf3 a6 3. c3 d5 4. exd5 Qxd5 5. d4 e6 6. Be3 cxd4 7. cxd4 Nf6 8. Nc3
Qd8 9. Bd3 Be7 10. O-O Nc6 11. Rc1 Nb4 12. Bb1 O-O 13. Bg5 Bd7 14. Ne5 Bc6 15.
a3 Nbd5 16. Nxc6 bxc6 17. Qd3 g6 18. Bh6 Re8 19. Rfe1 Qb8 20. Qe2 Qb6 21. Red1
Reb8 22. Rd2 Nxc3 23. Rxc3 Nd5 24. Rc1 Bf6 25. Qg4 Ne7 26. Bg5 Bxg5 27. Qxg5 Qd8
28. Be4 Rb5 29. Qe3 Rab8 30. Qe2 Qb6 31. Rcc2 a5 32. h3 Rd8 33. Qc4 Rd6 34. Qc3
Qd8 35. Qe3 Nf5 36. Bxf5 Rxf5 37. Re2 Rfd5 38. Rc5 Rxd4 39. Qc3 Rd1+ 40. Kh2
R6d3 41. Qxa5 Qd6+ 42. g3 Rf1 43. Rg5 h6 44. Rg4 Rdd1 45. Rge4 Qd3 46. R4e3
Rxf2+ 47. Rxf2 Qxe3 48. Rg2 Qc1 49. Rf2 Rh1+ 50. Kg2 Qg1+ 51. Kf3 Rxh3 52. Qd8+
Kh7 53. Ke2 Rh2 54. Qf6 Qxg3 55. Qxf7+ Kh8 56. Qf8+ 1/2-1/2

[Event "29th Czech Open A 2018"]
[Site "Pardubice CZE"]
[Date "2018.07.24"]
[Round "5.101"]
[White "Ajay Krishna, S"]
[Black "Hoefelsauer, Thomas"]
[Result "0-1"]
[BlackTitle "FM"]
[WhiteElo "2161"]
[BlackElo "2361"]
[WhiteFideId "5096430"]
[BlackFideId "24668842"]
[EventDate "2018.07.20"]

1. d4 d5 2. Bf4 Nf6 3. e3 c5 4. Nf3 Nc6 5. Nbd2 cxd4 6. exd4 g6 7. h3 Bg7 8. c3
Bf5 9. Be2 O-O 10. O-O Rc8 11. Re1 Ne4 12. Bf1 Nd6 13. Qb3 Be6 14. Ng5 Na5 15.
Qa3 Bf5 16. Ngf3 Be6 17. Ne5 a6 18. Rad1 Re8 19. b4 Nc6 20. Nb3 Nxe5 21. dxe5
Nc4 22. Qc1 Qc7 23. Nc5 b6 24. Bxc4 dxc4 25. Nxe6 fxe6 26. Bh6 Red8 27. Bxg7
Kxg7 28. Qe3 b5 29. f4 Rd7 30. Rxd7 Qxd7 31. Kh2 Rd8 32. Qb6 Kf7 33. f5 gxf5 34.
Qf2 Qd2 35. Qh4 h6 36. Rf1 Qg5 37. Qe1 h5 38. Rf3 h4 39. Qe4 Qg3+ 0-1

[Event "29th Czech Open A 2018"]
[Site "Pardubice CZE"]
[Date "2018.07.24"]
[Round "5.102"]
[White "Fataliyeva, Ulviyya"]
[Black "Priyanka, Nutakki"]
[Result "0-1"]
[WhiteTitle "WGM"]
[WhiteElo "2344"]
[BlackElo "2180"]
[WhiteFideId "13403052"]
[BlackFideId "25049615"]
[EventDate "2018.07.20"]

1. e4 e6 2. Qe2 c5 3. Nf3 Nc6 4. g3 g6 5. Bg2 Bg7 6. O-O Nge7 7. c3 O-O 8. Rd1
e5 9. a3 Na5 10. b4 Nb3 11. Ra2 Nxc1 12. Rxc1 d6 13. Rb2 Qc7 14. d3 h6 15. Nbd2
Be6 16. Rbc2 Rac8 17. Nc4 f5 18. Nfd2 f4 19. b5 g5 20. a4 g4 21. f3 h5 22. Rf1
Ng6 23. Qd1 Qe7 24. Nb3 Bh6 25. Qe1 Bg5 26. Nc1 fxg3 27. hxg3 h4 28. fxg4 hxg3
29. Qxg3 Bf4 30. Qe1 Qh7 31. Bf3 Qh3 32. Nxd6 Nh4 33. Nxc8 Nxf3+ 34. Rxf3 Qxf3
35. Ne7+ Kf7 0-1

[Event "29th Czech Open A 2018"]
[Site "Pardubice CZE"]
[Date "2018.07.24"]
[Round "5.103"]
[White "Monnisha, G K"]
[Black "Milikow, Yoav"]
[Result "1/2-1/2"]
[WhiteTitle "WIM"]
[WhiteElo "2292"]
[BlackElo "2161"]
[WhiteFideId "5009936"]
[BlackFideId "2822237"]
[EventDate "2018.07.20"]

1. e4 e6 2. d4 d5 3. Nc3 Bb4 4. e5 c5 5. a3 Ba5 6. b4 cxd4 7. Nb5 Bc7 8. f4 Bd7
9. Nxc7+ Qxc7 10. Nf3 Ba4 11. Bd3 Ne7 12. Bb2 Nbc6 13. O-O a6 14. Kh1 Rc8 15.
Rc1 h5 16. Qe1 Bb5 17. Bxb5 axb5 18. Nh4 Nd8 19. Bxd4 Nf5 20. Nxf5 exf5 21. e6
Nxe6 22. Bxg7 Rg8 23. Be5 Qc4 24. Rf3 d4 25. h3 Qd5 26. c3 Rxc3 27. Rcxc3 dxc3
28. Qxc3 f6 29. Bxf6 Nxf4 30. Qe5+ Qxe5 31. Bxe5 Nxg2 32. Rxf5 Ne3 33. Rxh5 Nc4
34. Rh8 Rxh8 35. Bxh8 Kf7 36. Kg2 Kg6 37. Kf3 Kh5 38. Ke4 Kh4 39. Kd5 Nxa3 40.
Kc5 Kxh3 41. Bb2 Nc2 42. Kxb5 b6 43. Kxb6 Nxb4 1/2-1/2

[Event "29th Czech Open A 2018"]
[Site "Pardubice CZE"]
[Date "2018.07.24"]
[Round "5.104"]
[White "Bulockin, Martin"]
[Black "Kopylov, Daniel"]
[Result "1/2-1/2"]
[WhiteElo "2154"]
[BlackElo "2272"]
[WhiteFideId "371610"]
[BlackFideId "12921971"]
[EventDate "2018.07.20"]

1. e4 c5 2. Nf3 d6 3. d4 cxd4 4. Nxd4 Nf6 5. Nc3 Nc6 6. Bg5 e6 7. Qd2 Be7 8.
O-O-O Nxd4 9. Qxd4 O-O 10. Kb1 h6 11. Bxf6 Bxf6 12. Qxd6 Qa5 13. Qg3 b6 14. f4
Bxc3 15. Qxc3 Qxc3 16. bxc3 e5 17. fxe5 Bg4 18. Rd4 Rac8 19. Bc4 Rfe8 20. Bd5
Rxc3 21. Rf1 Rc7 22. Rc4 Rce7 23. Rf2 Be6 24. Kb2 Bxd5 25. exd5 Rxe5 26. Rd2 Rd8
27. Rcd4 Kf8 28. c4 Ke7 29. Rf4 g5 30. Rff2 b5 31. Kb3 bxc4+ 32. Kxc4 f5 33. a4
Kd6 34. Kb5 Rd7 35. Rd4 f4 36. Rfd2 Re3 37. Rc4 Rb3+ 38. Ka6 Rb6+ 39. Ka5 Rf7
40. Re4 Re7 41. Rc4 Re5 42. Rcd4 Re3 43. Rc4 Re8 44. h4 Rf8 45. hxg5 hxg5 46.
Re4 Rf6 1/2-1/2

[Event "29th Czech Open A 2018"]
[Site "Pardubice CZE"]
[Date "2018.07.24"]
[Round "5.105"]
[White "Petrova, Kristyna"]
[Black "Eriksson, Christian Altenburg"]
[Result "1/2-1/2"]
[WhiteTitle "WIM"]
[WhiteElo "2264"]
[BlackElo "2159"]
[WhiteFideId "309672"]
[BlackFideId "1412159"]
[EventDate "2018.07.20"]

1. e4 c5 2. Nf3 e6 3. d4 cxd4 4. Nxd4 Nc6 5. Nc3 Qc7 6. f4 a6 7. Nxc6 bxc6 8.
Bd3 d5 9. O-O Nf6 10. Qe2 Be7 11. Kh1 Bb7 12. Bd2 h5 13. e5 Ng4 14. Nd1 g6 15.
c4 Qb6 16. b4 Qa7 17. a4 Rc8 18. Rc1 Qa8 19. cxd5 cxd5 20. Rxc8+ Qxc8 21. Ne3
Nxe3 22. Qxe3 d4 23. Qxd4 Qc6 24. Rg1 Qxa4 25. Be4 1/2-1/2

[Event "29th Czech Open A 2018"]
[Site "Pardubice CZE"]
[Date "2018.07.24"]
[Round "5.106"]
[White "Hiti, Domen"]
[Black "Murko, David"]
[Result "0-1"]
[WhiteElo "2259"]
[BlackElo "2149"]
[WhiteFideId "14606798"]
[BlackFideId "14613891"]
[EventDate "2018.07.20"]

1. d4 Nf6 2. c4 c5 3. d5 e6 4. Nc3 exd5 5. cxd5 d6 6. e4 g6 7. f4 Bg7 8. Bb5+
Nfd7 9. a4 O-O 10. Nf3 Na6 11. O-O Nb4 12. Re1 a6 13. Bf1 Re8 14. h3 f5 15. e5
dxe5 16. d6 e4 17. Bc4+ Kh8 18. Ng5 Bd4+ 19. Kh1 Qf6 20. g4 Nb6 21. Nf7+ Kg8 22.
g5 Qg7 23. Nh6+ Kf8 24. Bf7 Be6 25. Bxe8 Rxe8 26. a5 Nd3 27. Rf1 Nc4 28. Qc2
Nxd6 29. Ne2 Bd5 30. Nxd4 Qxd4 31. Kh2 e3 0-1

[Event "29th Czech Open A 2018"]
[Site "Pardubice CZE"]
[Date "2018.07.24"]
[Round "5.107"]
[White "Perov, German"]
[Black "Jezbera, Jiri"]
[Result "1-0"]
[WhiteElo "2256"]
[BlackElo "2136"]
[WhiteFideId "44111410"]
[BlackFideId "329185"]
[EventDate "2018.07.20"]

1. e4 c5 2. d4 cxd4 3. c3 dxc3 4. Nxc3 e6 5. Nf3 a6 6. Bc4 b5 7. Bb3 Bb7 8. O-O
d6 9. Ng5 Be7 10. Nxf7 Kxf7 11. Qg4 Qd7 12. f4 Nf6 13. Qh3 b4 14. Na4 d5 15. Be3
Nxe4 16. Nb6 Qb5 17. f5 e5 18. Qh5+ Kf8 19. f6 Nxf6 20. Ba4 Bc5 21. Rxf6+ gxf6
22. Qh6+ Kf7 23. Bxb5 Bxb6 24. Bxb6 axb5 25. Rc1 Bc6 26. Bc7 Bd7 27. Bxe5 fxe5
28. Rf1+ Ke8 29. Qg7 1-0